[Event "GCT 2022 Croazia - Blitz"]
[Site "Zagabria"]
[Date "24.07.2022"]
[Round "14B"]
[White "So, Wesley"]
[Black "Topalov, Veselin"]
[Result "1-0"]
[WhiteElo "2773"]
[BlackElo "2728"]
[EventDate "2022.07.18"]

1. e4 c5 2. Nf3 d6 3. Bb5+ Nd7 4. a4 Ngf6 5. Nc3 a6 6. Be2 e6 7. a5 Be7 8.
O-O O-O 9. Re1 Qc7 10. d4 cxd4 11. Nxd4 Rb8 12. Nb3 Rd8 13. Bd3 Ne5 14. Be3
Nfd7 15. Na4 Re8 16. Qe2 Bf6 17. Ba7 Ra8 18. Bd4 Nc6 19. Bxf6 Nxf6 20. Qd2
Bd7 21. Nb6 Rad8 22. Rad1 Ne5 23. f4 Nxd3 24. cxd3 Bc6 25. Nd4 Nd7 26. Nxd7
Bxd7 27. Rc1 Qb8 28. Qb4 e5 29. Ne2 Bg4 30. Nc3 exf4 31. Nd5 f3 32. gxf3
Bxf3 33. Rc7 Bg4 34. Rec1 Rd7 35. Qc3 Qd8 36. Rc8 1-0